000 00469nam a2200193Ia 4500
008 151119s9999||||xx |||||||||||||| ||und||
082 _a823
082 _bGKKV23410
100 _aCENTRAL CHIMAYA MISSION TRUST
245 _aVISION OF LIFE
260 _a--
260 _b--
260 _c2001
600 _aCENTRAL CHIMAYA MISSION TRUST
630 _aVISION OF LIFE
700 _aCENTRAL CHIMAYA MISSION TRUST
730 _aVISION OF LIFE
942 _cBOOK
999 _c1076061
_d1076058